Countries & capitals with common start - Statistics

General Stats
  • This quiz has been taken 18 times
  • The average score is 12 of 32
Answer Stats
Answer % Correct
Belgium
77%
Brazil
69%
Brussels
69%
Stockholm
69%
Sweden
69%
Algeria
62%
Algiers
62%
Brunei
62%
Brasília
54%
Georgetown
46%
Bandar Seri Begawan
38%
Guyana
38%
Niger
38%
Seoul
38%
South Korea
38%
Sri Lanka
38%
Niamey
31%
Sri Jayawardenepura Kotte
31%
Taipei
31%
Taiwan
31%
Barbados
23%
Belmopan
23%
Bridgetown
23%
Maldives
23%
Maputo
23%
Mozambique
23%
Papua New Guinea
23%
Port Moresby
23%
Belize
15%
Malé
15%
Marshall Islands
15%
Majuro
8%
No matching quizzes found
Score Distribution
Percent of People with Each Score
Percentile by Number Answered
Your Score History
You have not taken this quiz